[Event "Rated Blitz game"]
[Site "?"]
[Date "2021.06.17"]
[Round "?"]
[White "peppie23"]
[Black "Fantastic_power06"]
[Result "1-0"]
[WhiteElo "2549"]
[BlackElo "2669"]
[PlyCount "157"]
[EventDate "2021.??.??"]
[EventType "blitz"]

1. e4 e5 2. Nf3 d5 3. exd5 e4 4. Qe2 Nf6 5. d3 Qxd5 6. Nc3 Bb4 7. Nd2 Bxc3 8.
bxc3 O-O 9. dxe4 Qa5 10. Bb2 Re8 11. f3 Bd7 12. Nb3 Qh5 13. O-O-O Nc6 14. g4
Qg5+ 15. Qd2 Qxd2+ 16. Rxd2 Rad8 17. Be2 h6 18. Rhd1 Be6 19. Rxd8 Rxd8 20.
Rxd8+ Nxd8 21. c4 Nd7 22. Nd4 g5 23. Kd2 a6 24. Ba3 c5 25. Nxe6 Nxe6 26. Ke3 b6
27. Bb2 f6 28. Bd3 Ne5 29. Be2 Kf7 30. a4 a5 31. c3 Nf4 32. Bf1 Ke7 33. Bc1 Ne6
34. Bd2 Ng6 35. Be1 Kd6 36. Bg3+ Nef4 37. Bf2 Nf8 38. Bg3 N8e6 39. h4 Ke5 40.
hxg5 hxg5 41. Be1 Nc7 42. Bd2 Ne8 43. Be1 Ng6 44. Bg3+ Ke6 45. Bh2 Nd6 46. Bg3
Ne5 47. Bxe5 Kxe5 48. Be2 Nf7 49. Bf1 Nh8 50. Be2 Ng6 51. Bf1 Nf4 52. Kf2 Ne6
53. Ke3 Nf8 54. Be2 Kd6 55. Bf1 Ng6 56. Be2 Nh4 57. Bf1 Ke5 58. Be2 Ng2+ 59.
Kf2 Kf4 60. Kxg2 Ke3 61. Bf1 Kd2 62. f4 gxf4 63. Kf3 Kxc3 64. g5 fxg5 65. e5
Kb4 66. e6 Kxa4 67. e7 g4+ 68. Kxf4 Kb4 69. e8=Q a4 70. Qb5+ Kc3 71. Qxa4 g3
72. Kxg3 Kd4 73. Qb5 Kc3 74. Qxb6 Kd4 75. Qb5 Kc3 76. Qxc5 Kd2 77. Qd5+ Ke1 78.
c5 Kxf1 79. Qd2 {Normal} 1-0

[Event "Rated Blitz game"]
[Site "?"]
[Date "2021.06.17"]
[Round "?"]
[White "Slimslik02"]
[Black "KamranShirazi"]
[Result "0-1"]
[WhiteElo "2369"]
[BlackElo "2543"]
[PlyCount "104"]
[EventDate "2021.??.??"]
[EventType "blitz"]

1. e4 e5 2. Nf3 d5 3. exd5 e4 4. Nd4 Qxd5 5. Nb3 Bd6 6. Nc3 Qe5 7. Bc4 Nf6 8.
h3 Nc6 9. Nb5 Be7 10. Qe2 a6 11. Nc3 Bd6 12. d4 Nxd4 13. Nxd4 Qxd4 14. Be3 Qe5
15. O-O-O O-O 16. Kb1 Be6 17. Nd5 Nxd5 18. Bd4 Qf5 19. g4 Qg6 20. Bxd5 Bxd5 21.
Bxg7 Bxa2+ 22. Kxa2 Kxg7 23. h4 Rfe8 24. h5 Qe6+ 25. Kb1 Rad8 26. g5 Bf4 27. g6
fxg6 28. hxg6 h6 29. Rdg1 Rd5 30. Qe1 Rg5 31. Qc3+ Kxg6 32. Rxg5+ Bxg5 33. Qxc7
Rc8 34. Qxb7 Rc5 35. Rd1 Rb5 36. Qc7 Bf6 37. Qg3+ Rg5 38. Qc7 Qe5 39. Qb7 Rf5
40. Rg1+ Bg5 41. Qxa6+ Rf6 42. Qe2 Rb6 43. c4 Qd4 44. Rd1 Rxb2+ 45. Qxb2 Qxd1+
46. Ka2 Qa4+ 47. Kb1 Qxc4 48. Qb6+ Kh5 49. Qd6 Qd3+ 50. Qxd3 exd3 51. Kb2 Kg4
52. Kc3 d2 {Normal} 0-1

[Event "Rated Blitz game"]
[Site "?"]
[Date "2021.06.17"]
[Round "?"]
[White "Pouya1360"]
[Black "chesschampion5555"]
[Result "0-1"]
[WhiteElo "2486"]
[BlackElo "2566"]
[PlyCount "22"]
[EventDate "2021.??.??"]
[EventType "blitz"]

1. e4 e5 2. Nf3 d5 3. exd5 e4 4. Ne5 Qxd5 5. d4 exd3 6. Nxd3 Nf6 7. Nc3 Qa5 8.
Be2 Bd6 9. O-O O-O 10. Bd2 Qf5 11. Nb5 Qxb5 {Normal} 0-1

[Event "Rated Blitz game"]
[Site "?"]
[Date "2021.06.17"]
[Round "?"]
[White "DarmenS"]
[Black "KinzyabulatovRenat"]
[Result "1-0"]
[WhiteElo "2600"]
[BlackElo "2446"]
[PlyCount "49"]
[EventDate "2021.??.??"]
[EventType "blitz"]

1. e4 e5 2. Nf3 d5 3. Nc3 d4 4. Ne2 Nc6 5. d3 Be6 6. Ng5 Bg4 7. h3 Bxe2 8. Bxe2
Be7 9. Nf3 Nf6 10. O-O O-O 11. Nh2 Nd7 12. g3 Bg5 13. f4 Bh6 14. Ng4 Kh8 15.
Nxh6 gxh6 16. fxe5 Rg8 17. Kh2 Rg6 18. Bh5 Rg7 19. Bxh6 Rg8 20. Bxf7 Ndxe5 21.
Bxg8 Qxg8 22. Rf5 Qg6 23. Bf4 Rg8 24. Rxe5 Nxe5 25. Bxe5+ {Normal} 1-0

[Event "Rated Blitz game"]
[Site "?"]
[Date "2021.06.17"]
[Round "?"]
[White "Delay_Stavki"]
[Black "Fantastic_power06"]
[Result "0-1"]
[WhiteElo "2626"]
[BlackElo "2662"]
[PlyCount "38"]
[EventDate "2021.??.??"]
[EventType "blitz"]

1. e4 e5 2. Nf3 d5 3. exd5 e4 4. Qe2 Nf6 5. Nc3 Be7 6. Nxe4 O-O 7. d3 Re8 8. g3
Nxd5 9. Be3 f5 10. Nc3 Bb4 11. O-O-O Bxc3 12. bxc3 Nxc3 13. Qd2 Nxd1 14. Kxd1
Qd5 15. Bg2 f4 16. Nh4 Qh5+ 17. Bf3 Bg4 18. Bxg4 Qxg4+ 19. f3 fxe3 {Normal} 0-1

[Event "Rated Blitz tournament PFQnzOrT"]
[Site "?"]
[Date "2021.06.17"]
[Round "?"]
[White "yogidwihp"]
[Black "om_gendut"]
[Result "0-1"]
[WhiteElo "2229"]
[BlackElo "2444"]
[PlyCount "84"]
[EventDate "2021.??.??"]
[EventType "blitz"]

1. e4 e5 2. Nf3 d5 3. Nc3 dxe4 4. Nxe4 Nf6 5. Nxf6+ Qxf6 6. d4 exd4 7. Qxd4 Be7
8. Bg5 Qxd4 9. Nxd4 Bxg5 10. Bd3 Bf6 11. Nb3 Bxb2 12. Rd1 Bc3+ 13. Ke2 O-O 14.
Kf3 Nc6 15. h3 Ne5+ 16. Ke4 Bd7 17. f4 Bc6+ 18. Kf5 Nxd3 19. Rxd3 Bf6 20. Rg1
Rae8 21. Kg4 Be4 22. Rd2 Bc3 23. Rd7 Rc8 24. Kg3 Bf5 25. Rd5 Be6 26. Rc5 Bf6
27. f5 Bxb3 28. cxb3 Bd4 29. Rgc1 Bxc5 30. Rxc5 c6 31. Kf4 b6 32. Rc2 c5 33. g4
b5 34. h4 c4 35. bxc4 Rxc4+ 36. Kg5 Rxc2 37. h5 f6+ 38. Kh4 Rd8 39. a4 bxa4 40.
h6 Rc3 41. g5 Rd4+ 42. Kh5 Rh3# {Normal} 0-1

[Event "Rated Blitz game"]
[Site "?"]
[Date "2021.06.17"]
[Round "?"]
[White "harunov"]
[Black "pasha1984"]
[Result "1-0"]
[WhiteElo "2413"]
[BlackElo "2309"]
[PlyCount "41"]
[EventDate "2021.??.??"]
[EventType "blitz"]

1. e4 e5 2. Nf3 d5 3. Nxe5 dxe4 4. Bc4 Qg5 5. Bxf7+ Ke7 6. d4 Qxg2 7. Rf1 Nc6
8. Nxc6+ bxc6 9. Bc4 Bg4 10. Qd2 Nf6 11. Nc3 Ke8 12. Qg5 Bb4 13. Qxg7 Rf8 14.
Bg5 Bxc3+ 15. bxc3 Qf3 16. Kd2 e3+ 17. fxe3 Ne4+ 18. Kc1 Qxf1+ 19. Bxf1 Rxf1+
20. Kb2 Rb8+ 21. Ka3 {Normal} 1-0

[Event "Rated Blitz game"]
[Site "?"]
[Date "2021.06.17"]
[Round "?"]
[White "WhisperingXylophone"]
[Black "KamranShirazi"]
[Result "1/2-1/2"]
[WhiteElo "2617"]
[BlackElo "2556"]
[PlyCount "155"]
[EventDate "2021.??.??"]
[EventType "blitz"]

1. e4 e5 2. Nf3 d5 3. Nxe5 Bd6 4. d4 dxe4 5. Nc4 Be7 6. Nc3 f5 7. Bf4 Nf6 8.
Ne5 Be6 9. Be2 O-O 10. O-O Nc6 11. Nxc6 bxc6 12. f3 Rb8 13. Rb1 Rb4 14. Be5 Nd7
15. a3 Rb6 16. fxe4 Nxe5 17. dxe5 f4 18. Qxd8 Rxd8 19. Rxf4 Bc5+ 20. Kh1 Bd4
21. Na4 Rbb8 22. Rff1 Bxe5 23. Bd3 Bd4 24. Rfd1 g6 25. b4 Ba2 26. Rbc1 Kf7 27.
c3 Be3 28. Rf1+ Ke7 29. Ra1 Bb3 30. Nb2 Bd2 31. Bc4 Bxc4 32. Nxc4 Bxc3 33. Rac1
Bg7 34. Na5 Bb2 35. Nxc6+ Ke6 36. Rc2 Bxa3 37. Nxd8+ Rxd8 38. Rxc7 Bxb4 39.
Rxa7 Rh8 40. Raf7 Bc3 41. Rc7 Be5 42. Rc5 Bd6 43. Rd5 Rb8 44. Rfd1 Rb6 45. g3
Be5 46. Kg2 Rb2+ 47. R1d2 Rb4 48. Kf3 h5 49. R5d3 g5 50. Rc2 g4+ 51. Ke3 Rb6
52. Rc4 Bf6 53. Rd5 Rb3+ 54. Rd3 Rb6 55. Rd5 Rb3+ 56. Rd3 Bg5+ 57. Kd4 Bf6+ 58.
Kc5 Rxd3 59. Kc6 Ke5 60. Kc7 Ke6 61. Rc6+ Ke7 62. Kb6 Rd6 63. Kc7 Rxc6+ 64.
Kxc6 Ke6 65. Kc5 Ke5 66. Kc4 Kxe4 67. Kc5 Kf3 68. Kd6 Bc3 69. Ke6 Kg2 70. Kf5
Kxh2 71. Kg5 Kxg3 72. Kxh5 Kf3 73. Kg5 g3 74. Kf5 g2 75. Ke6 g1=Q 76. Kd5 Qd4+
77. Ke6 Qd5+ 78. Kxd5 {Normal} 1/2-1/2

[Event "Rated Blitz game"]
[Site "?"]
[Date "2021.06.17"]
[Round "?"]
[White "AttackingBeast"]
[Black "KamranShirazi"]
[Result "0-1"]
[WhiteElo "2710"]
[BlackElo "2566"]
[PlyCount "110"]
[EventDate "2021.??.??"]
[EventType "blitz"]

1. e4 e5 2. Nf3 d5 3. exd5 e4 4. Qe2 Nf6 5. d3 Bb4+ 6. Bd2 O-O 7. dxe4 Re8 8.
e5 Nxd5 9. Bxb4 Nxb4 10. a3 Nd5 11. Nbd2 Nc6 12. O-O-O Bf5 13. Nb3 Bg4 14. Qe4
Bxf3 15. Qxf3 Qg5+ 16. Kb1 Nb6 17. h4 Qxe5 18. Bd3 Na4 19. c3 Rad8 20. Bc2 Nc5
21. Nxc5 Qxc5 22. Rhe1 Rxe1 23. Rxe1 g6 24. Qf6 Qd6 25. Qg5 Kg7 26. h5 h6 27.
Qg4 g5 28. Qf5 Qf6 29. Qh7+ Kf8 30. f3 Rd2 31. Qe4 Rxg2 32. Qe8+ Kg7 33. Qe4
Rf2 34. Re3 Rf1+ 35. Ka2 Nd8 36. Bb3 Ne6 37. Qd5 c6 38. Qd7 Nc5 39. Qc8 Nxb3
40. Kxb3 Rxf3 41. Re8 Kh7 42. Ka2 Rf4 43. Qd7 g4 44. Qd3+ Kg7 45. Re3 Rf3 46.
c4 Rxe3 47. Qxe3 Qf5 48. Qd4+ Kh7 49. Qe3 c5 50. b3 b5 51. cxb5 g3 52. Qxg3
Qc2+ 53. Ka1 Qc1+ 54. Ka2 Qc2+ 55. Ka1 Qd1+ {Time forfeit} 0-1

[Event "Rated Blitz game"]
[Site "?"]
[Date "2021.06.16"]
[Round "?"]
[White "Ginao"]
[Black "RiskyBlitzer"]
[Result "0-1"]
[WhiteElo "2311"]
[BlackElo "2442"]
[PlyCount "118"]
[EventDate "2021.??.??"]
[EventType "blitz"]

1. e4 e5 2. Nf3 d5 3. Nxe5 dxe4 4. d4 Bd6 5. Nc4 Nc6 6. Nc3 Bb4 7. Be3 f5 8. g3
Nf6 9. Be2 O-O 10. O-O Be6 11. a3 Bxc3 12. bxc3 Nd5 13. Qd2 f4 14. Bxf4 Nxf4
15. gxf4 Bh3 16. Ne5 Qf6 17. Kh1 Bxf1 18. Bxf1 Nxe5 19. fxe5 Qxf2 20. Qg5 Rf5
21. Qg4 Qf3+ 22. Qg2 Raf8 23. Bc4+ Kh8 24. Rg1 e3 25. Bd3 Qxg2+ 26. Rxg2 Rf1+
27. Rg1 Rxg1+ 28. Kxg1 c6 29. a4 g6 30. Kg2 Kg7 31. a5 Rf2+ 32. Kg3 Kf8 33. h4
Ke7 34. c4 Ke6 35. Be4 Rf7 36. Bd3 c5 37. c3 b6 38. Be2 h5 39. axb6 axb6 40.
Bf3 Rd7 41. Bd5+ Kf5 42. Kf3 cxd4 43. cxd4 b5 44. Kxe3 b4 45. Be4+ Kg4 46. d5
b3 47. e6 Re7 48. Bxg6 Kxh4 49. Kf4 b2 50. Ke5 Rg7 51. Bb1 Rg1 52. d6 Rxb1 53.
d7 Re1+ 54. Kf5 Rd1 55. e7 b1=Q+ 56. Kf6 Rf1+ 57. Ke5 Qe1+ 58. Kd6 Qd2+ 59. Kc7
Rc1 {Time forfeit} 0-1

[Event "Rated Blitz game"]
[Site "?"]
[Date "2021.06.16"]
[Round "?"]
[White "StankovicDragan02"]
[Black "KinzyabulatovRenat"]
[Result "0-1"]
[WhiteElo "2479"]
[BlackElo "2455"]
[PlyCount "32"]
[EventDate "2021.??.??"]
[EventType "blitz"]

1. e4 e5 2. Nf3 d5 3. exd5 e4 4. Qe2 Nf6 5. Nc3 Be7 6. Nxe4 Nxd5 7. Nc3 O-O 8.
Nxd5 Qxd5 9. d3 Bf6 10. Be3 Bxb2 11. Rb1 Bc3+ 12. Nd2 Qxa2 13. Rd1 Nc6 14. f3
Re8 15. Kf2 Nd4 16. Qe1 Nxc2 {Normal} 0-1

[Event "Rated Blitz game"]
[Site "?"]
[Date "2021.06.16"]
[Round "?"]
[White "GhostHunter2003"]
[Black "KinzyabulatovRenat"]
[Result "1-0"]
[WhiteElo "2562"]
[BlackElo "2466"]
[PlyCount "43"]
[EventDate "2021.??.??"]
[EventType "blitz"]

1. e4 e5 2. Nf3 d5 3. Nxe5 Bd6 4. d4 dxe4 5. Nc3 Nf6 6. Bg5 Be7 7. Bxf6 Bxf6 8.
Nxe4 O-O 9. Nxf6+ Qxf6 10. Be2 c5 11. c3 cxd4 12. cxd4 Rd8 13. Bf3 Qb6 14. Qb3
Qxb3 15. axb3 Rxd4 16. O-O f6 17. Nc4 Nd7 18. Rfe1 Kf7 19. Rad1 Rxd1 20. Bxd1
Nc5 21. Nd6+ Kf8 22. Re8# {Normal} 1-0

[Event "Rated Blitz game"]
[Site "?"]
[Date "2021.06.16"]
[Round "?"]
[White "CodeSlam"]
[Black "KamranShirazi"]
[Result "1-0"]
[WhiteElo "2528"]
[BlackElo "2506"]
[PlyCount "75"]
[EventDate "2021.??.??"]
[EventType "blitz"]

1. e4 e5 2. Nf3 d5 3. Nxe5 Bd6 4. d4 dxe4 5. Nc4 Be7 6. Nc3 f5 7. g4 Nf6 8.
gxf5 Bxf5 9. Ne3 Bg6 10. Be2 Nc6 11. d5 Ne5 12. h4 O-O 13. h5 Bf7 14. Qd4 Bd6
15. h6 gxh6 16. Nf5 Bg6 17. Nxh6+ Kh8 18. Bg5 Qe8 19. O-O-O a6 20. Rh4 Ng8 21.
Rdh1 Nxh6 22. Bxh6 Rf5 23. Nxe4 Kg8 24. Be3 Qf7 25. Ng5 Rxg5 26. Bxg5 Nf3 27.
Bxf3 Qxf3 28. Rh6 Qf5 29. Qd2 Re8 30. Be3 Bb4 31. Rxg6+ hxg6 32. Qxb4 Qxd5 33.
Qh4 Qxa2 34. Qh8+ Kf7 35. Rh7+ Ke6 36. Qxe8+ Kf5 37. Qf7+ Qxf7 38. Rxf7+ {
Normal} 1-0

[Event "Rated Blitz game"]
[Site "?"]
[Date "2021.06.16"]
[Round "?"]
[White "skyfall90"]
[Black "ibrahim_karpove2711"]
[Result "0-1"]
[WhiteElo "2403"]
[BlackElo "2342"]
[PlyCount "66"]
[EventDate "2021.??.??"]
[EventType "blitz"]

1. e4 e5 2. Nf3 d5 3. exd5 e4 4. Ne5 Bd6 5. d4 exd3 6. Nxd3 Nf6 7. c4 O-O 8.
Be2 Re8 9. O-O Nbd7 10. Nc3 b6 11. Be3 Ne5 12. Nxe5 Bxe5 13. Bd4 Bd6 14. Bf3
Bf5 15. b3 a6 16. Re1 Qd7 17. Bxf6 gxf6 18. Ne4 Be5 19. Rc1 Bxe4 20. Bxe4 f5
21. Bb1 Qd6 22. g3 f4 23. Qg4+ Kh8 24. Qh5 f5 25. Qxf5 Re7 26. gxf4 Rg7+ 27.
Kh1 Bxf4 28. Re6 Bxc1 29. Rxd6 cxd6 30. Qe6 Rag8 31. Qe1 Bf4 32. Bf5 Rg2 33.
Qc3+ Be5 {Normal} 0-1

[Event "Rated Blitz game"]
[Site "?"]
[Date "2021.06.16"]
[Round "?"]
[White "gaichess"]
[Black "KamranShirazi"]
[Result "0-1"]
[WhiteElo "2384"]
[BlackElo "2506"]
[PlyCount "60"]
[EventDate "2021.??.??"]
[EventType "blitz"]

1. e4 e5 2. Nf3 d5 3. exd5 e4 4. Qe2 Nf6 5. d3 Bb4+ 6. c3 O-O 7. dxe4 Bc5 8.
Bg5 c6 9. dxc6 Nxc6 10. Nbd2 Re8 11. O-O-O Qc7 12. Bxf6 gxf6 13. Nb3 Bb6 14.
Qd2 Rxe4 15. Bd3 Rg4 16. h3 Rxg2 17. Rdg1 Rg6 18. Bxg6 fxg6 19. h4 Bf5 20. h5
Rd8 21. Qh6 g5 22. Rxg5+ fxg5 23. Qxg5+ Kh8 24. Qxf5 Bxf2 25. Kc2 Qg7 26. Ng5
Rf8 27. Qd5 Be3 28. Ne6 Rf2+ 29. Kb1 Qg2 30. Nbc5 Qxd5 {Normal} 0-1

[Event "Rated Blitz game"]
[Site "?"]
[Date "2021.06.16"]
[Round "?"]
[White "joflo"]
[Black "KamranShirazi"]
[Result "0-1"]
[WhiteElo "2491"]
[BlackElo "2531"]
[PlyCount "26"]
[EventDate "2021.??.??"]
[EventType "blitz"]

1. e4 e5 2. Nf3 d5 3. d3 dxe4 4. dxe4 Qxd1+ 5. Kxd1 Nc6 6. c3 Bg4 7. Be3 f5 8.
exf5 O-O-O+ 9. Kc1 Nge7 10. Nh4 Rd1+ 11. Kc2 Re1 12. Nf3 Bxf5+ 13. Kd2 Rxb1 {
Normal} 0-1

[Event "Rated Blitz tournament t980hox1"]
[Site "?"]
[Date "2021.06.16"]
[Round "?"]
[White "Kafkapchuk"]
[Black "Grimlock_Glasgow"]
[Result "1-0"]
[WhiteElo "2205"]
[BlackElo "2523"]
[PlyCount "51"]
[EventDate "2021.??.??"]
[EventType "blitz"]

1. e4 e5 2. Nf3 d5 3. exd5 Bd6 4. d3 f5 5. Nc3 Nf6 6. Be2 O-O 7. O-O c6 8. dxc6
Nxc6 9. Bg5 h6 10. Bxf6 Qxf6 11. Qd2 Bd7 12. Nd5 Qg6 13. Nh4 Qf7 14. c4 Rae8
15. Rae1 e4 16. dxe4 fxe4 17. Bd1 Bc5 18. b4 Be7 19. Nxe7+ Qxe7 20. g3 Qxb4 21.
Qxd7 Re7 22. Qd5+ Kh7 23. Rxe4 Ref7 24. Bc2 Qb2 25. Re2+ Kg8 26. Qd3 {Normal}
1-0

[Event "Rated Blitz game"]
[Site "?"]
[Date "2021.06.16"]
[Round "?"]
[White "Carrahe64"]
[Black "KinzyabulatovRenat"]
[Result "1-0"]
[WhiteElo "2548"]
[BlackElo "2466"]
[PlyCount "79"]
[EventDate "2021.??.??"]
[EventType "blitz"]

1. e4 e5 2. Nf3 d5 3. Nxe5 Bd6 4. d4 dxe4 5. Nc3 Bxe5 6. dxe5 Qxd1+ 7. Nxd1 Nc6
8. Nc3 Bf5 9. Bf4 Nge7 10. O-O-O Ng6 11. Bg3 h5 12. h3 Ncxe5 13. Nb5 O-O 14.
Nxc7 Rac8 15. Nd5 Rfe8 16. Bb5 Re6 17. Rhe1 a6 18. Bf1 h4 19. Bh2 Nd3+ 20. Bxd3
exd3 21. c3 Re2 22. Rxe2 dxe2 23. Re1 Be4 24. Ne3 Bd3 25. Nc2 Bc4 26. b3 Bd3
27. Kd2 Rd8 28. Nd4 Bb5 29. a4 Bc6 30. f3 b5 31. Kxe2 Bd7 32. axb5 axb5 33. Kd2
Be6 34. Kc2 Bd5 35. Nxb5 Ra8 36. Kb2 Bc6 37. c4 Bxb5 38. cxb5 Ra5 39. b6 Rb5
40. Bc7 {Time forfeit} 1-0

[Event "Rated Blitz game"]
[Site "?"]
[Date "2021.06.16"]
[Round "?"]
[White "Matjaz1966"]
[Black "batasjon"]
[Result "1-0"]
[WhiteElo "2445"]
[BlackElo "2410"]
[PlyCount "77"]
[EventDate "2021.??.??"]
[EventType "blitz"]

1. e4 e5 2. Nf3 d5 3. Nxe5 Bd6 4. d4 dxe4 5. Nc4 Nf6 6. Be2 O-O 7. O-O Nc6 8.
Be3 h6 9. Nxd6 Qxd6 10. c4 Rd8 11. d5 Ne5 12. h3 b5 13. b3 Bxh3 14. gxh3 Qd7
15. Kg2 Qf5 16. Rh1 Rd6 17. Nc3 Nh7 18. Nxb5 Rg6+ 19. Kf1 Rg3 20. Nd4 Qf6 21.
Ke1 Rg2 22. Kd2 Ng5 23. Qf1 Ngf3+ 24. Bxf3 Nxf3+ 25. Kc3 c5 26. dxc6 Rg5 27.
Rd1 Ra5 28. a4 Rd8 29. c7 Rc8 30. Kc2 Rxc7 31. Nxf3 exf3 32. Qd3 Rc8 33. Rhg1
Qa6 34. Bd4 Rxa4 35. bxa4 Qxa4+ 36. Qb3 Rxc4+ 37. Bc3 Qc6 38. Qb8+ Kh7 39.
Rxg7# {Normal} 1-0

[Event "Rated Blitz game"]
[Site "?"]
[Date "2021.06.16"]
[Round "?"]
[White "Ecclesiastes_Gamer"]
[Black "annaly1979"]
[Result "0-1"]
[WhiteElo "2460"]
[BlackElo "2457"]
[PlyCount "84"]
[EventDate "2021.??.??"]
[EventType "blitz"]

1. e4 e5 2. Nf3 d5 3. Nxe5 Qe7 4. d4 f6 5. Nd3 Nc6 6. c3 Bf5 7. Be2 Bxe4 8. O-O
Qf7 9. Nc5 Bxc5 10. dxc5 Nge7 11. Nd2 Bf5 12. Nf3 O-O-O 13. b4 Ne5 14. Qa4 Kb8
15. b5 Be4 16. Nd4 Qg6 17. f3 Bd3 18. b6 cxb6 19. cxb6 a6 20. Bf4 Bxe2 21. Nxe2
N7c6 22. Nd4 Ka8 23. Nb5 Qd3 24. Nc7+ Kb8 25. Rfd1 Qc4 26. Qxc4 dxc4 27. Kf2 g5
28. Bg3 h5 29. h4 gxh4 30. Bxh4 Nd3+ 31. Kg1 Rhg8 32. Bxf6 Rdf8 33. Nd5 Nf4 34.
Nxf4 Rxf6 35. Nxh5 Rxf3 36. Rd7 Rf5 37. Ng7 Rg5 38. Re1 Ne5 39. Re7 Nf3+ 40.
Kf2 Nxe1 41. Rxe1 R5xg7 42. g4 Rxg4 {Time forfeit} 0-1

[Event "Rated Blitz game"]
[Site "?"]
[Date "2021.06.16"]
[Round "?"]
[White "castanedastral"]
[Black "KamranShirazi"]
[Result "0-1"]
[WhiteElo "2661"]
[BlackElo "2513"]
[PlyCount "54"]
[EventDate "2021.??.??"]
[EventType "blitz"]

1. e4 e5 2. Nf3 d5 3. Nxe5 Bd6 4. d4 dxe4 5. Nc4 Be7 6. Nc3 f5 7. Be2 Nf6 8.
O-O Be6 9. Bf4 Nc6 10. Be5 O-O 11. f3 exf3 12. Rxf3 Ng4 13. Nb5 Ngxe5 14. dxe5
Qc8 15. Kh1 a6 16. Nc3 b5 17. Ne3 Nxe5 18. Rf1 f4 19. Ned5 Bd6 20. Bf3 Nxf3 21.
Qxf3 Bg4 22. Qe4 Bf5 23. Qd4 c5 24. Qd2 b4 25. Ne2 f3 26. Rxf3 Be4 27. Rh3 Qxh3
{Normal} 0-1

[Event "Rated Blitz game"]
[Site "?"]
[Date "2021.06.16"]
[Round "?"]
[White "izziwin"]
[Black "Polyclinical"]
[Result "1-0"]
[WhiteElo "2769"]
[BlackElo "2843"]
[PlyCount "77"]
[EventDate "2021.??.??"]
[EventType "blitz"]

1. e4 e5 2. Nf3 d5 3. exd5 e4 4. Qe2 Qe7 5. Nd4 Nf6 6. Nc3 Qe5 7. Nb3 Bd6 8. d4
exd3 9. Qxe5+ Bxe5 10. Bxd3 Bxc3+ 11. bxc3 Nxd5 12. c4 Nb4 13. Ba3 Nxd3+ 14.
cxd3 b6 15. O-O Kd7 16. Rfe1 Nc6 17. d4 f6 18. d5 Ne5 19. c5 Ba6 20. c6+ Kc8
21. Nd4 Bc4 22. Nf5 g6 23. Ne7+ Kd8 24. f4 Nd3 25. Re4 b5 26. d6 f5 27. Rd4
cxd6 28. Bxd6 Ke8 29. Nd5 Kf7 30. a4 Rhc8 31. Nc7 Rxc7 32. Bxc7 Rc8 33. axb5
Bxb5 34. Rxa7 g5 35. Be5+ Kg6 36. Rg7+ Kh6 37. Rd6+ Kh5 38. Rxg5+ Kh4 39. Rh6#
{Normal} 1-0

[Event "Rated Blitz game"]
[Site "?"]
[Date "2021.06.16"]
[Round "?"]
[White "DataBaas"]
[Black "MassterOfMorra"]
[Result "0-1"]
[WhiteElo "2372"]
[BlackElo "2549"]
[PlyCount "64"]
[EventDate "2021.??.??"]
[EventType "blitz"]

1. e4 e5 2. Nf3 d5 3. exd5 e4 4. Qe2 Nf6 5. d3 Qxd5 6. Nbd2 Nc6 7. dxe4 Qh5 8.
Qb5 Bc5 9. Be2 a6 10. Qa4 Ng4 11. O-O Bxf2+ 12. Rxf2 Qc5 13. Nd4 Qxd4 14. Qxd4
Nxd4 15. Bxg4 Bxg4 16. Nc4 Ne2+ 17. Kf1 Nxc1 18. Rxc1 Be6 19. Ne3 O-O-O 20. c4
Rd4 21. Nf5 Rxe4 22. Nxg7 Bxc4+ 23. Kg1 Bxa2 24. Nf5 Kb8 25. b4 Bc4 26. Ng3 Rg4
27. Nh5 b5 28. Nf6 Rd4 29. g4 Rhd8 30. g5 Rh4 31. Kg2 h6 32. Kg3 hxg5 {Time
forfeit} 0-1

[Event "Rated Blitz game"]
[Site "?"]
[Date "2021.06.16"]
[Round "?"]
[White "quieresunglobo"]
[Black "Parets"]
[Result "0-1"]
[WhiteElo "2417"]
[BlackElo "2311"]
[PlyCount "98"]
[EventDate "2021.??.??"]
[EventType "blitz"]

1. e4 e5 2. Nf3 d5 3. Nxe5 Bd6 4. d4 dxe4 5. Bc4 Bxe5 6. dxe5 Qxd1+ 7. Kxd1 Nc6
8. Re1 Bg4+ 9. Be2 O-O-O+ 10. Bd2 Nxe5 11. Bxg4+ Nxg4 12. Ke2 Nxf2 13. Kxf2 Nf6
14. Bg5 e3+ 15. Rxe3 Ng4+ 16. Kf3 Nxe3 17. Bxe3 Rd1 18. Ke2 Rh1 19. h3 Re8 20.
Kf2 h6 21. a4 f5 22. a5 a6 23. b4 g5 24. g3 Rxh3 25. Nd2 f4 26. Bd4 Rxg3 27.
Rh1 Re6 28. Bg7 Rc6 29. c4 Rd3 30. Ke2 Re3+ 31. Kf2 Rd3 32. Ke2 Re3+ 33. Kd1
Rd6 34. Kc2 Red3 35. Rh2 f3 36. Be5 Rd7 37. Ne4 Ra3 38. Nc5 Ra2+ 39. Bb2 Rf7
40. Nd3 g4 41. Rxh6 g3 42. Rg6 f2 43. Ne5 f1=Q 44. Rg8+ Rf8 45. Rxf8+ Qxf8 46.
Kb3 Rxb2+ 47. Kxb2 Qf2+ 48. Kc3 Qe3+ 49. Nd3 g2 {Normal} 0-1

[Event "Rated Blitz game"]
[Site "?"]
[Date "2021.06.16"]
[Round "?"]
[White "operationbadhabit"]
[Black "pirulon"]
[Result "1-0"]
[WhiteElo "2428"]
[BlackElo "2278"]
[PlyCount "43"]
[EventDate "2021.??.??"]
[EventType "blitz"]

1. e4 e5 2. Nf3 d5 3. d4 dxe4 4. Nxe5 Bd6 5. Bc4 Bxe5 6. Qh5 Qxd4 7. Qxf7+ Kd8
8. Qf8+ Kd7 9. Bxg8 Nc6 10. O-O Ne7 11. Be6+ Kxe6 12. Qxh8 b6 13. Qxh7 Ba6 14.
Re1 g6 15. Qh3+ Kf7 16. Nc3 Rh8 17. Rxe4 Qd6 18. Qf3+ Kg7 19. Bf4 Bxf4 20. Qxf4
Qxf4 21. Rxf4 Rd8 22. Rd1 {Normal} 1-0

[Event "Rated Blitz tournament 6KZaY8JT"]
[Site "?"]
[Date "2021.06.16"]
[Round "?"]
[White "Babich_Roman"]
[Black "Secret2700"]
[Result "0-1"]
[WhiteElo "2373"]
[BlackElo "2435"]
[PlyCount "150"]
[EventDate "2021.??.??"]
[EventType "blitz"]

1. e4 e5 2. Nf3 d5 3. d4 dxe4 4. Nxe5 Bd6 5. Nc4 Nf6 6. Nc3 O-O 7. Bg5 Nc6 8.
Be2 h6 9. Bh4 Re8 10. Qd2 Bf5 11. Ne3 Bh7 12. Rd1 a6 13. Ncd5 Be7 14. Nxe7+
Qxe7 15. Nd5 Nxd5 16. Bxe7 Rxe7 17. a3 e3 18. fxe3 Nxe3 19. Rc1 Rd8 20. c3
Nxg2+ 21. Kf2 Nh4 22. Bd3 Nf5 23. Rce1 Red7 24. Bxf5 Bxf5 25. Qf4 Bg6 26. h4 h5
27. Rhg1 Kh7 28. Rg5 Nxd4 29. cxd4 Rxd4 30. Qg3 c5 31. Re2 R8d6 32. Rxc5 b5 33.
Rc3 a5 34. Rf3 b4 35. axb4 axb4 36. Rf4 Rd3 37. Qg5 b3 38. Rf3 Rd1 39. Rxb3
Rf6+ 40. Rf3 Rc6 41. Rd2 Rh1 42. Kg2 Rcc1 43. Kf2 Rce1 44. Rg3 Rhf1+ 45. Kg2
Be4+ 46. Rf3 Bxf3+ 47. Kh2 Rh1+ 48. Kg3 Rhg1+ 49. Kxf3 Rxg5 50. hxg5 Kg6 51.
Kf4 Rf1+ 52. Kg3 Kxg5 53. Rd5+ f5 54. Rd7 h4+ 55. Kg2 Rb1 56. Rxg7+ Kf4 57. Rb7
Kg4 58. Rg7+ Kh5 59. Rh7+ Kg5 60. Rg7+ Kf6 61. Rb7 Rd1 62. Kh3 Rd4 63. b4 Kg5
64. Rg7+ Kh5 65. Rh7+ Kg5 66. Rg7+ Kf4 67. Rh7 Ke5 68. Rxh4 Rd3+ 69. Kg2 Rd2+
70. Kf1 Rb2 71. Ke1 Rb1+ 72. Kd2 Rb2+ 73. Kc3 Rg2 74. Kc4 Rg8 75. Rh1 Rc8+ {
Time forfeit} 0-1

[Event "Rated Blitz tournament 6KZaY8JT"]
[Site "?"]
[Date "2021.06.16"]
[Round "?"]
[White "Babich_Roman"]
[Black "Secret2700"]
[Result "0-1"]
[WhiteElo "2373"]
[BlackElo "2409"]
[PlyCount "124"]
[EventDate "2021.??.??"]
[EventType "blitz"]

1. e4 e5 2. Nf3 d5 3. d4 dxe4 4. Nxe5 Bd6 5. Nc4 Nf6 6. Nc3 O-O 7. Bg5 h6 8.
Bh4 Re8 9. Be2 Nc6 10. d5 Ne5 11. Ne3 Ng6 12. Bxf6 Qxf6 13. Qd2 a6 14. g3 b5
15. O-O-O Bd7 16. h4 b4 17. Nb1 a5 18. Bg4 Bb5 19. c4 bxc3 20. Nxc3 Bd3 21. f4
a4 22. a3 Reb8 23. h5 Nxf4 24. gxf4 Bxf4 25. Rdf1 Qg5 26. Ncd1 Rb5 27. Rxf4
Qxf4 28. Rg1 Rc5+ 29. Nc3 Rb8 30. Ned1 Qe5 31. Be2 Kh8 32. Bxd3 exd3 33. Qxd3
Qxh5 34. Qd4 Rxc3+ 35. Nxc3 f6 36. d6 cxd6 37. Qxd6 Re8 38. Qg3 Qf7 39. Kb1 f5
40. Qf3 f4 41. Nd5 Qf5+ 42. Ka1 g5 43. Qc3+ Qe5 44. Re1 Qxc3 45. Rxe8+ Kh7 46.
bxc3 Kg6 47. c4 Kf7 48. Rh8 Kg7 49. Ra8 f3 50. Ra7+ Kg6 51. Ra6+ Kf5 52. Rf6+
Ke4 53. Nc3+ Kd4 54. Rxf3 Kxc4 55. Kb2 g4 56. Rg3 h5 57. Nxa4 Kd4 58. Nc3 Ke5
59. a4 Kf4 60. Rg1 h4 61. a5 h3 62. a6 h2 {Time forfeit} 0-1